000 00503cam a2200169 4500500
005 20260329004032.0
041 _afre
042 _adc
100 1 0 _aOrtoli, Sven
_eauthor
245 0 0 _aDes poux dans la tĂȘte
260 _c2018.
500 _a12
690 _aMichel Serres
690 _aParasite
786 0 _nPhilosophie magazine | 117 | 3 | 2018-03-01 | p. 15-15 | 1951-1787
856 4 1 _uhttps://shs.cairn.info/magazine-philosophie-magazine-2018-3-page-15?lang=fr&redirect-ssocas=7080
999 _c1829981
_d1829981